Normal view MARC view

Entry Personal Name

Number of records used in: 1

001 - CONTROL NUMBER

  • control field: 9001

003 - CONTROL NUMBER IDENTIFIER

  • control field: DLC

005 - DATE AND TIME OF LATEST TRANSACTION

  • control field: 20220106144646.0

008 - FIXED-LENGTH DATA ELEMENTS

  • fixed length control field: 910904n| acannaab |n aaa

010 ## - LIBRARY OF CONGRESS CONTROL NUMBER

  • LC control number: n 91089426

040 ## - CATALOGING SOURCE

  • Original cataloging agency: DLC
  • Transcribing agency: DLC
  • Modifying agency: DLC

046 ## - SPECIAL CODED DATES

  • Birth date: 19560128

100 1# - HEADING--PERSONAL NAME

  • Personal name: Marcella, Albert J.

670 ## - SOURCE DATA FOUND

  • Source citation: His Auditing IBM's Customer information control system, c1991:
  • Information found: t.p. (Albert J. Marcella, Jr.) p. vii (M.B.A., Finance, Univ. of New Haven; pres., Business Automation Consultants)

670 ## - SOURCE DATA FOUND

  • Source citation: Cyber forensics, 2012:
  • Information found: ECIP t.p. (Albert J. Marcella, Ph.D., CISA, CISM) data view (b. Jan. 28, 1956)

Powered by Koha